|
|
|
|
| LEADER |
00000cam a2200000 7i4500 |
| 001 |
0000021237 |
| 005 |
20160330.0 |
| 008 |
080715 |
| 020 |
|
|
|a RM10.50
|
| 090 |
0 |
0 |
|a 158.1
|b ALA
|
| 100 |
1 |
|
|a Alagapan, R.
|
| 245 |
1 |
0 |
|a 50 cara untuk mencapai sasaran
|c R. Alagapan
|
| 260 |
|
|
|a Chennai :
|b Karpagam ,
|c 2004
|
| 500 |
|
|
|a Teenager ages 13-18 years old (blue)
|
| 650 |
|
0 |
|a Assertiveness (psychology)
|
| 650 |
|
0 |
|a Self- realization
|
| 650 |
|
0 |
|a Self-confidence
|
| 650 |
|
0 |
|a Success
|
| 999 |
|
|
|a 0001030171
|b Book
|c Tamil Collection
|e Perbadanan Perpustakaan Awam Johor
|
| 999 |
|
|
|a 0001030172
|b Book
|c Tamil Collection
|e Perbadanan Perpustakaan Awam Johor
|
| 999 |
|
|
|a 0001030173
|b Book
|c Tamil Collection
|e Perbadanan Perpustakaan Awam Johor
|